00597nam a2200217Ia 450000500170000000800410001702000180005804100120007608200150008810000200010324500530012325000120017626000490018830000200023765000210025765000160027870000220029470000150031670000230033170000250035420260429111840.0260429s9999||||xx |||||||||||||| ||und|| a9789358993707 aEnglish a632.3bHAS aHashmi, Mehjabi 0aCrop diseases and diagnostics / cMehjabi Hashmi a1st ed. aNew Delhi : bElite Publishing House,c2024. avii, 151 p.; hb a Crop management aAgriculture a Choudhary, Sanju a Deb, Lipa a Hashmi, Shahnashi a Huded, Sharanabasav